=LDR 00000nam 2200000 4500 =001 INLIS000000000026034 =005 20130612124511 =008 ***********************************Ind** =035 ##$$0010-061300000026034 =041 ##$$a Ind =082 ##$$a 621 =090 ##$$a 621, Han t =100 ##$$a Handoko k =245 ##$$a Lemari es, Handoko =260 ##$$a 1975 $b Jakarta =300 ##$$a 287 hlm, ilus, 21 cm =650 ##$$a Lemari es =850 ##$$a NBPNMAT